[Event "Druga liga CS - zapad 2014"]
[Site "Sabac"]
[Date "2014.09.25"]
[Round "1.1"]
[White "Marjanovic, Dejan**"]
[Black "Pikula, Dejan"]
[Result "1-0"]
[WhiteElo "2369"]
[BlackElo "2458"]
[PlyCount "83"]
[EventDate "2014.09.25"]

1. d4 Nf6 2. c4 e6 3. g3 Bb4+ 4. Bd2 a5 5. Bg2 O-O 6. Bxb4 axb4 7. e3 d6 8. Ne2
c5 9. O-O e5 10. Nd2 Qc7 11. d5 b5 12. cxb5 Bd7 13. a4 bxa3 14. Nc3 Ra5 15. Qb3
axb2 16. Qxb2 Rxa1 17. Rxa1 Bf5 18. b6 Qd8 19. e4 Bd7 20. Nc4 Ne8 21. Ra7 f5
22. exf5 Bxf5 23. Na5 Qg5 24. h4 Qh5 25. Nc6 Nf6 26. Ra8 Nfd7 27. Ne4 Qd1+ 28.
Kh2 Bxe4 29. Bxe4 Qe1 30. f3 c4 31. Qc2 g6 32. Nxb8 Rxb8 33. Rxb8+ Nxb8 34.
Qxc4 Qf2+ 35. Kh3 Qxb6 36. Qc8+ Kg7 37. h5 Qa7 38. h6+ Kxh6 39. Qf8+ Kh5 40. f4
Qd7+ 41. Kg2 g5 42. f5 1-0

[Event "Druga liga CS - zapad 2014"]
[Site "Sabac"]
[Date "2014.09.25"]
[Round "1.1"]
[White "Brkljaca, Ante"]
[Black "Misic, Dragan"]
[Result "1-0"]
[WhiteElo "2315"]
[BlackElo "2269"]
[PlyCount "105"]
[EventDate "2014.09.25"]

1. d4 d5 2. Nf3 Nf6 3. c4 c6 4. Nc3 Bf5 5. Qb3 Qb6 6. c5 Qc7 7. g3 Nbd7 8. Bf4
Qc8 9. Bg2 e6 10. O-O Be7 11. Nh4 Bg6 12. Nxg6 hxg6 13. Qc2 O-O 14. b4 Re8 15.
Bd2 e5 16. e3 Nh7 17. dxe5 Nxe5 18. e4 dxe4 19. Nxe4 Qf5 20. f4 Ng4 21. Rae1
Ngf6 22. Qc4 Nd5 23. h3 Qd7 24. Re2 Rad8 25. Be1 Bf8 26. Kh2 Ndf6 27. Bc3 Nd5
28. Be5 g5 29. Nxg5 Rxe5 30. Rxe5 f6 31. Nxh7 fxe5 32. Nxf8 Kxf8 33. Re1 Nf6
34. a4 Qd4 35. Qxd4 Rxd4 36. b5 Rxa4 37. bxc6 bxc6 38. Bxc6 Ra2+ 39. Kg1 Rc2
40. g4 g6 41. Kf1 e4 42. g5 Nh5 43. Bxe4 Ng3+ 44. Kg1 Nxe4 45. Rxe4 Rxc5 46.
Kg2 Rc2+ 47. Kg3 Ra2 48. h4 Kf7 49. h5 gxh5 50. f5 a5 51. Re6 a4 52. g6+ Kg7
53. Ra6 1-0

[Event "Druga liga CS - zapad 2014"]
[Site "Sabac"]
[Date "2014.09.25"]
[Round "1.1"]
[White "Zivkovic, Dejan*"]
[Black "Sorgic, Dragan"]
[Result "1/2-1/2"]
[WhiteElo "2263"]
[BlackElo "2255"]
[PlyCount "29"]
[EventDate "2014.09.25"]

1. d4 g6 2. c3 Nf6 3. Nf3 Bg7 4. Bg5 d6 5. Nbd2 O-O 6. e4 c5 7. dxc5 dxc5 8.
Bc4 Nc6 9. O-O Qc7 10. Re1 h6 11. Bh4 Nh5 12. Qc2 g5 13. Bg3 Nxg3 14. hxg3 e6
15. a4 1/2-1/2

[Event "Druga liga CS - zapad 2014"]
[Site "Sabac"]
[Date "2014.09.25"]
[Round "1.4"]
[White "Nikolic, Dragovan"]
[Black "Ignjatovic, Predrag"]
[Result "0-1"]
[WhiteElo "2258"]
[BlackElo "2286"]
[PlyCount "144"]
[EventDate "2014.09.25"]

1. d4 Nf6 2. Nf3 d5 3. Bf4 c6 4. c3 Bf5 5. Qb3 Qb6 6. Nbd2 Nbd7 7. e3 h6 8. h3
e6 9. Be2 Be7 10. O-O O-O 11. c4 Ne4 12. Nxe4 Bxe4 13. Nd2 Bg6 14. Rfc1 Bf6 15.
Qa3 Rfe8 16. cxd5 exd5 17. Bg4 Nf8 18. Nb3 h5 19. Bf3 Ne6 20. Bh2 Ng5 21. Qa5
Nxf3+ 22. gxf3 Bd8 23. Qxb6 axb6 24. a3 Bf5 25. Kg2 h4 26. Bf4 Re6 27. Nd2 Bf6
28. b4 b5 29. Nb3 g5 30. Bh2 b6 31. Rc3 Be7 32. Bc7 Ra6 33. Rcc1 Kf8 34. Nd2
Ke8 35. Re1 Kd7 36. Bh2 Bd3 37. e4 Bf6 38. e5 Bg7 39. Re3 Bf5 40. Rd1 Bh6 41.
Rc3 Kc7 42. Nf1 Kb7 43. Ne3 Bg6 44. Rdc1 Ra8 45. Ng4 Bf8 46. f4 gxf4 47. Bxf4
c5 48. bxc5 bxc5 49. dxc5 Kc6 50. Be3 Ra4 51. Rb3 Rc4 52. Re1 d4 53. Bg5 Bxc5
54. Bxh4 Bc2 55. Rf3 f5 56. Nf6 d3 57. Bg5 Bxa3 58. Ra1 b4 59. h4 Kb5 60. h5 f4
61. Rxf4 Rxe5 62. Rxc4 Kxc4 63. Bd2 Rf5 64. Ng4 Rxh5 65. Ne3+ Kb3 66. f4 Bb2
67. Ra8 Bc3 68. Nxc2 dxc2 69. Be3 Bb2 70. Rc8 Rd5 71. Kf2 Rd3 72. f5 Rxe3 0-1

[Event "Druga liga CS - zapad 2014"]
[Site "Sabac"]
[Date "2014.09.25"]
[Round "1.1"]
[White "Savic, Dragan"]
[Black "Cirakovic, Ivan"]
[Result "1-0"]
[WhiteElo "2109"]
[BlackElo "2179"]
[PlyCount "77"]
[EventDate "2014.09.25"]

1. e4 c5 2. Nf3 Nc6 3. Bb5 g6 4. O-O Bg7 5. c3 a6 6. Ba4 b5 7. Bc2 d5 8. d3
dxe4 9. dxe4 Qxd1 10. Rxd1 Nf6 11. Be3 c4 12. Nd4 Bb7 13. f3 O-O 14. a4 Nxd4
15. Bxd4 Rfd8 16. axb5 axb5 17. Rxa8 Bxa8 18. Na3 Bc6 19. b3 Ra8 20. Bc5 Nd7
21. Bxe7 cxb3 22. Bxb3 Bxc3 23. Bd5 Bxd5 24. Nxb5 Bb3 25. Rxd7 Ra1+ 26. Kf2
Ra2+ 27. Ke3 Ba1 28. Rd8+ Kg7 29. Bf8+ Kf6 30. f4 Rxg2 31. Nc7 g5 32. Re8 Be6
33. Nd5+ Kg6 34. f5+ Kh5 35. fxe6 fxe6 36. Rxe6 Kg4 37. Rh6 Be5 38. Bd6 Bxd6
39. Nf6# 1-0

[Event "Druga liga CS - zapad 2014"]
[Site "Sabac"]
[Date "2014.09.25"]
[Round "1.1"]
[White "Vojinovic, Luka**"]
[Black "Nenadovic, Ljubisa"]
[Result "1-0"]
[WhiteElo "2047"]
[BlackElo "2190"]
[PlyCount "83"]
[EventDate "2014.09.25"]

1. d4 Nf6 2. Bg5 Ne4 3. Bf4 c5 4. c3 Qb6 5. Qb3 d6 6. Qxb6 axb6 7. e3 g6 8. Na3
Bg7 9. Bd3 Nf6 10. h3 O-O 11. Nf3 Nc6 12. Ke2 Re8 13. Bh2 Bd7 14. Nd2 Be6 15.
Bb5 Ra5 16. Bc4 d5 17. Bb5 Nd7 18. g4 f5 19. f3 fxg4 20. hxg4 Rea8 21. Bf4 Bf7
22. Rh2 Rxa3 23. bxa3 Rxa3 24. Nb1 Ra5 25. a4 cxd4 26. cxd4 e5 27. dxe5 Ndxe5
28. Ra3 d4 29. Nd2 Bf8 30. Ra1 dxe3 31. Bxe3 Ra8 32. Rah1 h5 33. gxh5 gxh5 34.
Rg1+ Bg6 35. Bxc6 bxc6 36. Rxh5 Re8 37. Rxe5 Rxe5 38. Rxg6+ Kf7 39. Rxc6 Bc5
40. Ne4 Bxe3 41. Kxe3 Ra5 42. Nc3 1-0

[Event "Druga liga CS - zapad 2014"]
[Site "Sabac"]
[Date "2014.09.25"]
[Round "1.7"]
[White "Marjanovic, Ivan D**"]
[Black "Ivanovic, Lazar*"]
[Result "1/2-1/2"]
[WhiteElo "1749"]
[BlackElo "1976"]
[PlyCount "111"]
[EventDate "2014.09.25"]

1. e4 c5 2. c3 d5 3. exd5 Qxd5 4. d4 Nf6 5. Nf3 e6 6. Be2 Be7 7. O-O Nc6 8. Be3
cxd4 9. cxd4 O-O 10. a3 Rd8 11. Nc3 Qd6 12. Qd2 Nd5 13. Rfd1 Nxc3 14. bxc3 Qc7
15. Bf4 Bd6 16. Bxd6 Qxd6 17. Ng5 Qe7 18. Bf3 Na5 19. Rab1 h6 20. Ne4 Nc4 21.
Qa2 Nd6 22. Nc5 Rb8 23. Na6 Ra8 24. Re1 Bd7 25. Bxb7 Nxb7 26. Rxb7 Qg5 27. Rbb1
Bc6 28. g3 Qh5 29. Nb4 Bf3 30. Nd3 Rac8 31. Qd2 Qa5 32. Ne5 Qxc3 33. Qf4 Bh5
34. Rec1 Qxa3 35. Rxc8 Rxc8 36. g4 Bg6 37. Nxg6 fxg6 38. Rb7 Qc1+ 39. Qxc1
Rxc1+ 40. Kg2 a5 41. Re7 Rd1 42. Rxe6 Rxd4 43. h3 Kf7 44. Ra6 Ra4 45. Ra7+ Kf6
46. Kf3 h5 47. Ra6+ Kf7 48. Ra7+ Kf6 49. Ra6+ Kg5 50. h4+ Kh6 51. g5+ Kh7 52.
Ra8 Ra1 53. Kg2 a4 54. Kg3 a3 55. Kg2 a2 56. Kh2 1/2-1/2

[Event "Druga liga CS - zapad 2014"]
[Site "Sabac"]
[Date "2014.09.25"]
[Round "1.2"]
[White "Colovic, Dusan"]
[Black "Vujic, Mihailo"]
[Result "1/2-1/2"]
[WhiteElo "2364"]
[BlackElo "2337"]
[PlyCount "98"]
[EventDate "2014.09.25"]

1. d4 Nc6 2. e4 e5 3. d5 Nce7 4. Be3 Ng6 5. a3 Nf6 6. Nc3 b6 7. f3 Bc5 8. Bxc5
bxc5 9. Qd2 O-O 10. O-O-O d6 11. g3 h6 12. h4 Nh7 13. h5 Ne7 14. f4 f5 15. fxe5
dxe5 16. Bc4 Kh8 17. Nf3 fxe4 18. Nxe5 Qd6 19. Nf7+ Rxf7 20. Nxe4 Qe5 21. d6
Be6 22. Bxe6 Qxe6 23. dxe7 Rxe7 24. Nxc5 Qa2 25. Qd5 Qxd5 26. Rxd5 Nf6 27. Rd3
Re5 28. Nd7 Rxh5 29. Rf1 Ne4 30. Re3 Rd8 31. Rxe4 Rxd7 32. b3 Kh7 33. Rd1 Rxd1+
34. Kxd1 Rh3 35. Rc4 Rxg3 36. Ke2 h5 37. Kf2 Rg6 38. Rxc7 h4 39. Rc4 Rh6 40.
Kg2 g5 41. Rc7+ Kg6 42. Rc6+ Kh5 43. Rxh6+ Kxh6 44. b4 Kg6 45. a4 Kf6 46. b5
Ke6 47. a5 Kd6 48. Kh3 Kc7 49. c4 Kb7 1/2-1/2

[Event "Druga liga CS - zapad 2014"]
[Site "Sabac"]
[Date "2014.09.25"]
[Round "1.2"]
[White "Tojagic, Dane"]
[Black "Jevdjovic, Milorad"]
[Result "0-1"]
[WhiteElo "2244"]
[BlackElo "2267"]
[PlyCount "86"]
[EventDate "2014.09.25"]

1. d4 Nf6 2. c4 g6 3. Nc3 Bg7 4. e4 d6 5. f3 O-O 6. Be3 c6 7. Bd3 Nbd7 8. Nge2
e5 9. d5 cxd5 10. cxd5 a6 11. g4 h5 12. h3 b5 13. Qd2 Nc5 14. Bc2 b4 15. Nd1
Qa5 16. Nf2 Qb5 17. a4 bxa3 18. b4 Ncd7 19. Bd3 Qb8 20. O-O hxg4 21. hxg4 Ne8
22. Rxa3 Nc7 23. Kg2 f6 24. Rh1 Kf7 25. Rg1 Bb7 26. Nc1 f5 27. exf5 gxf5 28.
Bxf5 Nf6 29. Bh6 Ncxd5 30. Nh3 Rg8 31. Ne2 Bxh6 32. Qxh6 Qf8 33. Ng5+ Ke7 34.
Qh4 Rh8 35. Qg3 Qh6 36. Nh3 Ne3+ 37. Kh2 Nxf5 38. gxf5 Rhg8 39. f4 Rxg3 40.
Rgxg3 exf4 41. Rgc3 Nd5 42. Rcb3 Ne3 43. Neg1 Qh4 0-1

[Event "Druga liga CS - zapad 2014"]
[Site "Sabac"]
[Date "2014.09.25"]
[Round "1.2"]
[White "Baralic, Milan"]
[Black "Markovic, Dragan P"]
[Result "1/2-1/2"]
[WhiteElo "2146"]
[BlackElo "2215"]
[PlyCount "47"]
[EventDate "2014.09.25"]

1. Nf3 d5 2. c4 c6 3. Qc2 Nf6 4. d4 g6 5. e3 Bf5 6. Bd3 Bxd3 7. Qxd3 Nbd7 8.
Nc3 Bg7 9. O-O O-O 10. b3 Qa5 11. Bb2 Rfd8 12. Qe2 dxc4 13. Qxc4 Nb6 14. Qe2
Nbd5 15. Rac1 Nxc3 16. Bxc3 Qf5 17. Bb4 Nd5 18. Ba3 Qh5 19. Rc2 Rd7 20. Rb1 Re8
21. Bb2 Red8 22. a3 e6 23. b4 Nc7 24. Rbc1 1/2-1/2

[Event "Druga liga CS - zapad 2014"]
[Site "Sabac"]
[Date "2014.09.25"]
[Round "1.2"]
[White "Milovanovic, Nenad"]
[Black "Kiproski, Branislav**"]
[Result "1/2-1/2"]
[WhiteElo "2160"]
[BlackElo "2207"]
[PlyCount "85"]
[EventDate "2014.09.25"]

1. e4 d6 2. d4 Nf6 3. Nc3 e5 4. dxe5 dxe5 5. Qxd8+ Kxd8 6. Bc4 Ke8 7. Be3 Bd6
8. f3 Nbd7 9. O-O-O a6 10. a4 Bc5 11. Nd5 Nxd5 12. Bxc5 Nxc5 13. Rxd5 Nd7 14.
Ne2 c6 15. Rd2 b5 16. Bb3 Nc5 17. Rhd1 Nxb3+ 18. cxb3 Be6 19. Kc2 Ke7 20. a5 b4
21. f4 Bg4 22. fxe5 Rab8 23. h3 Bxe2 24. Rxe2 Rhd8 25. Red2 Rxd2+ 26. Rxd2 Rb5
27. Rd6 Rxa5 28. Rxc6 Rxe5 29. Kd3 Rg5 30. g4 h5 31. Ke3 hxg4 32. Kf4 Rh5 33.
Kxg4 Ra5 34. Rb6 Ra2 35. Rxb4 Rxb2 36. Rb6 a5 37. Rb5 Ke6 38. Kf4 Rf2+ 39. Kg3
Re2 40. Kf4 Rf2+ 41. Kg3 Re2 42. Kf4 Rf2+ 43. Kg3 1/2-1/2

[Event "Druga liga CS - zapad 2014"]
[Site "Sabac"]
[Date "2014.09.25"]
[Round "1.2"]
[White "Baralic, Nebojsa"]
[Black "Simic, Goran S"]
[Result "1-0"]
[WhiteElo "2267"]
[BlackElo "2099"]
[PlyCount "99"]
[EventDate "2014.09.25"]

1. c4 c5 2. Nc3 Nc6 3. Nf3 g6 4. g3 Bg7 5. Bg2 Nf6 6. O-O O-O 7. d4 d6 8. e3
Bf5 9. Nh4 Bg4 10. Qd2 Qc8 11. Re1 Re8 12. f4 Bh3 13. d5 Bxg2 14. Kxg2 Na5 15.
Qd3 e6 16. e4 exd5 17. cxd5 Nd7 18. Bd2 a6 19. Na4 b5 20. Bxa5 bxa4 21. Rab1
Qb7 22. b3 Qb5 23. Qd2 Rac8 24. Bc3 Bxc3 25. Qxc3 Rb8 26. Nf3 Qb4 27. Qd3 Qb5
28. Qc2 axb3 29. Rxb3 Qa5 30. Nd2 Rxb3 31. axb3 Qb4 32. Re2 Nf6 33. Qd3 Rd8 34.
Qxa6 Qd4 35. Qc4 Qa1 36. Qc2 Ra8 37. Nc4 Ra6 38. Qd3 Qc1 39. e5 Ra1 40. Rd2 Ng4
41. Kh3 h5 42. e6 Qg1 43. exf7+ Kxf7 44. Nxd6+ Kg7 45. Ne4 Rd1 46. Qe2 Re1 47.
Qc4 Rc1 48. Qb5 Rd1 49. Ng5 Rxd2 50. Qd7+ 1-0

[Event "Druga liga CS - zapad 2014"]
[Site "Sabac"]
[Date "2014.09.25"]
[Round "1.2"]
[White "Osatovic, Aleksandar*"]
[Black "Sevic, Slobodan"]
[Result "1-0"]
[WhiteElo "2053"]
[BlackElo "2178"]
[PlyCount "47"]
[EventDate "2014.09.25"]

1. d4 c5 2. d5 e6 3. c4 exd5 4. cxd5 d6 5. Nc3 g6 6. e4 Bg7 7. Bd3 Nf6 8. Nge2
O-O 9. O-O a6 10. a4 Qc7 11. h3 Nbd7 12. Bf4 Re8 13. Bh2 c4 14. Bc2 Nc5 15. f3
Rb8 16. Kh1 b5 17. axb5 axb5 18. Nd4 Bd7 19. Nc6 Rb7 20. e5 dxe5 21. Nxe5 Qc8
22. Ra5 b4 23. Nxc4 bxc3 24. Nd6 1-0

[Event "Druga liga CS - zapad 2014"]
[Site "Sabac"]
[Date "2014.09.25"]
[Round "1.2"]
[White "Puaca, Goran"]
[Black "Stevanovic, Milos**"]
[Result "1-0"]
[WhiteElo "2164"]
[BlackElo "1611"]
[PlyCount "49"]
[EventDate "2014.09.25"]

1. c4 Nf6 2. e3 c5 3. a3 d5 4. cxd5 Nxd5 5. Qc2 e6 6. Nf3 Be7 7. Nc3 O-O 8. Ne4
b6 9. Be2 Bb7 10. O-O Nd7 11. d3 Rc8 12. Bd2 h6 13. h3 f5 14. Nc3 N7f6 15. Qb3
Kh7 16. Rfd1 Qe8 17. Re1 Bd6 18. e4 fxe4 19. Nxe4 Nxe4 20. dxe4 Nf4 21. Bxf4
Rxf4 22. Bc4 Bxe4 23. Rxe4 Rxe4 24. Qc2 Qc6 25. Bd3 1-0

[Event "Druga liga CS - zapad 2014"]
[Site "Sabac"]
[Date "2014.09.25"]
[Round "1.2"]
[White "Kikanovic, Zivota"]
[Black "Markovic, Aleksandar**"]
[Result "1/2-1/2"]
[WhiteElo "2147"]
[BlackElo "2155"]
[PlyCount "45"]
[EventDate "2014.09.25"]

1. Nf3 Nf6 2. g3 g6 3. Bg2 Bg7 4. c4 O-O 5. Nc3 d6 6. O-O c6 7. d4 Qb6 8. b3 e5
9. dxe5 dxe5 10. Bb2 Re8 11. e3 Na6 12. h3 Bf5 13. Qe2 Nc5 14. Rfd1 Nfe4 15.
Ne1 Nxc3 16. Bxc3 Be4 17. Qb2 Bxg2 18. Kxg2 Ne4 19. Rac1 Nxc3 20. Qxc3 Rad8 21.
Qc2 Rxd1 22. Rxd1 Rd8 23. e4 1/2-1/2

[Event "Druga liga CS - zapad 2014"]
[Site "Sabac"]
[Date "2014.09.25"]
[Round "1.3"]
[White "Simic, Dragisa"]
[Black "Urosevic, Radojko"]
[Result "1-0"]
[WhiteElo "2296"]
[BlackElo "2211"]
[PlyCount "37"]
[EventDate "2014.09.25"]

1. e4 c5 2. Na3 Nc6 3. Bb5 g6 4. h4 Bg7 5. Nh3 Qc7 6. d3 a6 7. Bxc6 Qxc6 8. c3
b5 9. O-O Bb7 10. Nc2 d6 11. Qe1 e6 12. f4 Nf6 13. f5 exf5 14. Ng5 Kd7 15. d4
Rae8 16. dxc5 Qxc5+ 17. Be3 Qe5 18. Nd4 Rhf8 19. Qd1 {neèitko} 1-0

[Event "Druga liga CS - zapad 2014"]
[Site "Sabac"]
[Date "2014.09.25"]
[Round "1.3"]
[White "Marinkovic, Zoran"]
[Black "Biljanic, Ljubomir"]
[Result "1-0"]
[WhiteElo "2240"]
[BlackElo "2350"]
[PlyCount "61"]
[EventDate "2014.09.25"]

1. e4 d6 2. d4 Nf6 3. Nc3 c6 4. Nf3 g6 5. Bg5 Qa5 6. Qd2 Nbd7 7. a3 h6 8. Bf4
e5 9. Bg3 Nh5 10. Bc4 Be7 11. O-O Nxg3 12. fxg3 Rh7 13. b4 Qb6 14. Na4 Qc7 15.
dxe5 dxe5 16. Nb2 Nf8 17. Nd3 f6 18. c3 g5 19. a4 Bd7 20. a5 h5 21. Qa2 O-O-O
22. Nc5 h4 23. a6 Bxc5+ 24. bxc5 b5 25. Bg8 Rg7 26. Rad1 hxg3 27. hxg3 Bg4 28.
Rxd8+ Qxd8 29. Nh2 Qd7 30. Rxf6 Qd1+ 31. Rf1 1-0

[Event "Druga liga CS - zapad 2014"]
[Site "Sabac"]
[Date "2014.09.25"]
[Round "1.3"]
[White "Dimitrijevic, Milorad"]
[Black "Dikic, Veljko**"]
[Result "1/2-1/2"]
[WhiteElo "2101"]
[BlackElo "1980"]
[PlyCount "139"]
[EventDate "2014.09.25"]

1. e4 c5 2. Nf3 Nc6 3. c4 d6 4. d4 cxd4 5. Nxd4 e5 6. Nb3 f5 7. Nc3 Nf6 8. Bd3
fxe4 9. Nxe4 Nxe4 10. Bxe4 Be6 11. Bd5 Qd7 12. O-O Be7 13. Be3 O-O 14. Qd2 b6
15. Rac1 Rac8 16. Rfd1 Kh8 17. Na1 Bf5 18. Nc2 Nd8 19. b3 Ne6 20. Bxe6 Qxe6 21.
Nb4 Be4 22. Rf1 Bxg2 23. f3 Bxf1 24. Rxf1 e4 25. f4 Rf5 26. Nd5 Rcf8 27. Rf2
Bf6 28. Rg2 Kg8 29. a4 Rh5 30. Rg3 Rh3 31. Qg2 Rxg3 32. hxg3 g6 33. g4 Bg7 34.
g5 h6 35. Kf2 h5 36. Ke1 Rf5 37. Qd2 h4 38. Kf1 Qf7 39. Kg1 h3 40. Kh2 Qe6 41.
Qd1 Rf8 42. Nc7 Qd7 43. Nd5 Rf5 44. Qg4 Qf7 45. Qd1 Kf8 46. Qd2 Ke8 47. a5 b5
48. Kxh3 bxc4 49. bxc4 Qd7 50. Kg2 Qa4 51. Nc7+ Kd7 52. Nb5 Rxb5 53. cxb5 Qxb5
54. Bd4 Bxd4 55. Qxd4 Qe2+ 56. Kh1 Qf3+ 57. Kg1 e3 58. Qg7+ Kc6 59. Qc3+ Kd5
60. Qd3+ Kc5 61. Qa3+ Kb5 62. Qb3+ Kc6 63. Qc4+ Kb7 64. Qb4+ Kc7 65. Qc4+ Kd7
66. Qf7+ Kc8 67. Qc4+ Kb7 68. Qb5+ Kc7 69. Qc4+ Kb7 70. Qb4+ 1/2-1/2

[Event "Druga liga CS - zapad 2014"]
[Site "Sabac"]
[Date "2014.09.25"]
[Round "1.3"]
[White "Kuzmanovic, Aleksa**"]
[Black "Vasilic, Mihailo"]
[Result "1-0"]
[WhiteElo "1813"]
[BlackElo "2054"]
[PlyCount "127"]
[EventDate "2014.09.25"]

1. d4 d5 2. Nf3 Nf6 3. c4 c6 4. e3 Bg4 5. h3 Bxf3 6. Qxf3 e6 7. Bd3 Nbd7 8. Nc3
dxc4 9. Bxc4 Rc8 10. Bb3 Bb4 11. O-O O-O 12. Rd1 Qa5 13. e4 e5 14. Ne2 Rfe8 15.
dxe5 Qxe5 16. Rxd7 Nxd7 17. Qxf7+ Kh8 18. Qxd7 Rc7 19. Qd3 Qxe4 20. Qxe4 Rxe4
21. Be3 b6 22. Rc1 c5 23. Rd1 Re8 24. a3 Ba5 25. Bc4 h6 26. Nf4 Kh7 27. Nd5
Rcc8 28. Bd3+ Kh8 29. b4 cxb4 30. axb4 Re5 31. Be2 Rd8 32. Bf3 Bxb4 33. Nxb4
Rxd1+ 34. Bxd1 Rb5 35. Na2 Rb1 36. Nc3 Ra1 37. Kf1 b5 38. Ke2 b4 39. Na4 a5 40.
Bd4 Rc1 41. Bb6 b3 42. Bxb3 Rb1 43. Bc2 Rb5 44. Kd3 g5 45. Kc4 Rb4+ 46. Kd5 Rf4
47. g3 Rf8 48. Ke6 Kg7 49. Bd4+ Kg8 50. Bg6 Rc8 51. Bf7+ Kf8 52. Kf6 Rc6+ 53.
Be6 Ke8 54. Nc5 Kf8 55. f4 gxf4 56. gxf4 h5 57. Kg6 a4 58. Kxh5 a3 59. f5 Rd6
60. Nb3 Ra6 61. Kg6 a2 62. h4 Ra4 63. Bc5+ Ke8 64. f6 1-0

[Event "Druga liga CS - zapad 2014"]
[Site "Sabac"]
[Date "2014.09.25"]
[Round "1.3"]
[White "Zecevic, Igor*"]
[Black "Rajevic, Gavrilo"]
[Result "0-1"]
[WhiteElo "1952"]
[BlackElo "2268"]
[PlyCount "60"]
[EventDate "2014.09.25"]

1. d4 Nf6 2. c4 g6 3. Nc3 Bg7 4. e4 d6 5. f3 O-O 6. Bg5 Nc6 7. Nge2 a6 8. Qd2
Rb8 9. d5 Na5 10. Ng3 c5 11. Be2 Bd7 12. O-O b5 13. b3 b4 14. Na4 Bxa4 15. bxa4
Nd7 16. Rab1 Nb6 17. h4 Nbxc4 18. Bxc4 Nxc4 19. Qe1 Na3 20. Rb3 a5 21. h5 c4
22. Rxa3 bxa3 23. Nf5 gxf5 24. Qg3 Kh8 25. h6 Bd4+ 26. Kh1 Rg8 27. exf5 f6 28.
f4 c3 29. Qd3 Rb4 30. Re1 fxg5 0-1

[Event "Druga liga CS - zapad 2014"]
[Site "Sabac"]
[Date "2014.09.25"]
[Round "1.3"]
[White "Adzic, Momcilo"]
[Black "Vuckovic, Danilo**"]
[Result "1-0"]
[WhiteElo "2253"]
[BlackElo "1698"]
[PlyCount "73"]
[EventDate "2014.09.25"]

1. e4 c5 2. Nf3 Nc6 3. d4 cxd4 4. Nxd4 g6 5. Nc3 Bg7 6. Be3 Nf6 7. Bc4 O-O 8.
Bb3 d6 9. f3 Bd7 10. Qd2 a6 11. O-O-O b5 12. g4 h5 13. gxh5 Nxh5 14. Nce2 Qa5
15. c3 Rac8 16. Kb1 Ne5 17. Ng3 Nc4 18. Bxc4 bxc4 19. Nde2 Rb8 20. Bd4 Rb7 21.
Nxh5 Qxh5 22. Bxg7 Kxg7 23. Qe3 Rfb8 24. Rd2 e5 25. Ka1 Be6 26. Ng3 Qh6 27. Qe2
Qf4 28. Rb1 Rb6 29. Nf1 a5 30. Ne3 a4 31. a3 Kg8 32. Nc2 Kg7 33. Nb4 Rd8 34.
Rg1 Rh8 35. Rg3 Rh3 36. Rxh3 Bxh3 37. Nd5 1-0

[Event "Druga liga CS - zapad 2014"]
[Site "Sabac"]
[Date "2014.09.25"]
[Round "1.4"]
[White "Irizanin, Radoje"]
[Black "Radovanovic, Jovica"]
[Result "0-1"]
[WhiteElo "2330"]
[BlackElo "2284"]
[PlyCount "66"]
[EventDate "2014.09.25"]

1. Nf3 c5 2. b3 Nf6 3. Bb2 b6 4. e3 Bb7 5. Be2 e6 6. c4 Be7 7. O-O O-O 8. d4
cxd4 9. exd4 d5 10. Nbd2 Nbd7 11. a3 Ne4 12. Rc1 Bd6 13. Rc2 Qe7 14. Qa1 Ndf6
15. Ne5 Nxd2 16. Rxd2 dxc4 17. bxc4 Ne4 18. Rc2 Bxe5 19. dxe5 Rad8 20. Bd4 Nd2
21. Be3 Nxf1 22. Bxf1 Be4 23. Rc3 Qc7 24. Bg5 Rd7 25. Rg3 Qc5 26. Be3 Qc6 27.
a4 Rfd8 28. Bg5 Rd1 29. Qc3 Bd3 30. h4 Bxf1 31. Kh2 R8d3 32. Qb2 Rxg3 33. fxg3
h6 0-1

[Event "Druga liga CS - zapad 2014"]
[Site "Sabac"]
[Date "2014.09.25"]
[Round "1.4"]
[White "Jesic, Dusan"]
[Black "Smolovic, Mile"]
[Result "1/2-1/2"]
[WhiteElo "2364"]
[BlackElo "2325"]
[PlyCount "48"]
[EventDate "2014.09.25"]

1. d4 Nf6 2. c4 g6 3. Nc3 Bg7 4. e4 d6 5. f3 O-O 6. Bg5 c5 7. d5 h6 8. Be3 e6
9. Qd2 exd5 10. cxd5 Na6 11. Nge2 Nc7 12. Ng3 Kh7 13. Be2 a6 14. O-O Bd7 15. f4
Bb5 16. e5 dxe5 17. fxe5 Nd7 18. d6 Ne6 19. Nxb5 axb5 20. Bxb5 Nxe5 21. Kh1 Qb6
22. a4 Nd4 23. b4 Ng4 24. Bxd4 cxd4 1/2-1/2

[Event "Druga liga CS - zapad 2014"]
[Site "Sabac"]
[Date "2014.09.25"]
[Round "1.4"]
[White "Mirkovic, Stevan*"]
[Black "Begus, Drasko"]
[Result "1/2-1/2"]
[WhiteElo "2297"]
[BlackElo "2327"]
[PlyCount "44"]
[EventDate "2014.09.25"]

1. Nf3 Nf6 2. c4 d6 3. d4 g6 4. Nc3 Bf5 5. g3 Bg7 6. Bg2 Nc6 7. O-O O-O 8. d5
Na5 9. Nd2 c5 10. dxc6 Nxc6 11. Nb3 Qc8 12. Bf4 Bh3 13. Rc1 Bxg2 14. Kxg2 Qe6
15. Nd5 Rfc8 16. f3 Nh5 17. Rc2 Nxf4+ 18. Nxf4 Qe5 19. a3 Bh6 20. Nd5 Bg7 21.
e4 Qe6 22. Qe2 h6 1/2-1/2

[Event "Druga liga CS - zapad 2014"]
[Site "Sabac"]
[Date "2014.09.25"]
[Round "1.4"]
[White "Misojcic, Miroslav"]
[Black "Gavrilovic, Leonardo"]
[Result "1-0"]
[WhiteElo "2243"]
[BlackElo "2225"]
[PlyCount "71"]
[EventDate "2014.09.25"]

1. d4 Nf6 2. c4 e6 3. Nc3 Bb4 4. e3 c5 5. Bd3 O-O 6. Nf3 d5 7. O-O dxc4 8. Bxc4
a6 9. a3 Bxc3 10. bxc3 Nbd7 11. Bd3 Qc7 12. e4 e5 13. Re1 Ne8 14. a4 b6 15.
dxe5 Nxe5 16. Bf4 Nxf3+ 17. Qxf3 Qc6 18. Bc4 Ra7 19. Bd5 Qg6 20. h4 Bg4 21. Qg3
Nf6 22. Bb8 Rd7 23. c4 Nh5 24. Qh2 Bf3 25. Be5 Re8 26. Bg3 Bg4 27. Rab1 h6 28.
Bc7 b5 29. axb5 axb5 30. cxb5 Rxd5 31. exd5 Re2 32. b6 Qe4 33. Qe5 Qg6 34. b7
Bf3 35. b8=Q+ Kh7 36. Qh2 1-0

[Event "Druga liga CS - zapad 2014"]
[Site "Sabac"]
[Date "2014.09.25"]
[Round "1.4"]
[White "Matovic, Petar"]
[Black "Urosevic, Zoran"]
[Result "1/2-1/2"]
[WhiteElo "2213"]
[BlackElo "2226"]
[PlyCount "87"]
[EventDate "2014.09.25"]

1. d4 Nf6 2. Nf3 g6 3. Bf4 Bg7 4. e3 O-O 5. Bd3 c5 6. c3 b6 7. Qe2 Bb7 8. Nbd2
d5 9. O-O Nbd7 10. Ba6 Qc8 11. Bxb7 Qxb7 12. b4 cxb4 13. cxb4 Rac8 14. Rac1 Nh5
15. Bg5 Ndf6 16. b5 h6 17. Bxf6 Nxf6 18. Ne5 Nd7 19. Nc6 Nb8 20. Nb4 e6 21. Nb3
Rfe8 22. Rxc8 Rxc8 23. Rc1 Bf8 24. Rxc8 Qxc8 25. Qc2 Qxc2 26. Nxc2 a6 27. a4
axb5 28. axb5 Bd6 29. h3 Nd7 30. Nc1 Nf6 31. f3 Ne8 32. Ne2 Nc7 33. Nc3 f5 34.
Kf2 Kf7 35. f4 Kf6 36. Kf3 Be7 37. Na4 Nxb5 38. Nxb6 Nc3 39. Nd7+ Kf7 40. Ne5+
Kg7 41. Ne1 Ne4 42. N1d3 Nd2+ 43. Ke2 Ne4 44. Nc5 1/2-1/2

[Event "Druga liga CS - zapad 2014"]
[Site "Sabac"]
[Date "2014.09.25"]
[Round "1.4"]
[White "Bojicic, Andjela**"]
[Black "Roljevic, Djordje"]
[Result "0-1"]
[WhiteElo "1811"]
[BlackElo "2102"]
[PlyCount "68"]
[EventDate "2014.09.25"]

1. d4 Nf6 2. c4 e6 3. Nc3 Bb4 4. e3 O-O 5. Bd3 c5 6. Nge2 d5 7. O-O cxd4 8.
exd4 dxc4 9. Bxc4 Nc6 10. Bg5 Be7 11. a3 b6 12. Rc1 Bb7 13. Bd3 Qd7 14. Bb1
Rfd8 15. Qc2 g6 16. Rfd1 Rac8 17. Bxf6 Bxf6 18. d5 Ne7 19. dxe6 Qxe6 20. Qa4 a6
21. Nd4 Qg4 22. Nc6 Rxd1+ 23. Rxd1 Qxg2+ 24. Kxg2 Bxc6+ 25. Qxc6 Rxc6 26. Be4
Rc7 27. Rd8+ Kg7 28. Ra8 Bxc3 29. bxc3 a5 30. Re8 Kf6 31. Rb8 Rxc3 32. Rxb6+
Ke5 33. Bxg6 Nxg6 34. Rb5+ Kf6 0-1

[Event "Druga liga CS - zapad 2014"]
[Site "Sabac"]
[Date "2014.09.25"]
[Round "1.5"]
[White "Radibratovic, Predrag"]
[Black "Misailovic, Nebojsa"]
[Result "1/2-1/2"]
[WhiteElo "2325"]
[BlackElo "2309"]
[PlyCount "52"]
[EventDate "2014.09.25"]

1. d4 g6 2. Nf3 Bg7 3. g3 c5 4. c3 cxd4 5. cxd4 Nf6 6. Bg2 O-O 7. O-O d5 8. Nc3
Nc6 9. h3 Bd7 10. e4 Rc8 11. Be3 b5 12. a3 Na5 13. Nd2 Nc4 14. Nxc4 Rxc4 15.
Qd3 Qb8 16. Rac1 Rfc8 17. b3 R4c7 18. Ne2 h5 19. Rxc7 Rxc7 20. Rc1 Rxc1+ 21.
Bxc1 Qc8 22. Kh2 Ne8 23. Be3 Qa6 24. Bc1 Qc8 25. Be3 Qa6 26. Bc1 Qc8 1/2-1/2